Ciência do direito, norma, interpretação e hermenêutica jurídica / (Record no. 1308)

MARC details
000 -LÍDER
Campo Fixo de Controle 00823nam a2200277 a 4500
001 - NÚMERO DE CONTROLE
Campo de Controle 1308
003 - IDENTIFICAÇÃO DO NÚMERO DE CONTROLE
Campo de Controle BR-CuiBMT
005 - DATA E HORA DA ÚLTIMA ATUALIZAÇÃO
Campo de Controle 20231204223140.0
008 - DADOS FIXOS
Dados Fixos 231109s2001 rjba 000 0 por d
020 ## - INTERNATIONAL STANDARD BOOK NUMBER
Nº do ISBN 8521802838
040 ## - AGÊNCIA CATALOGADORA
Código da Agência Catalogadora BR-CuiBMT
Agência que transcreveu o registro BR-CuiBMT
080 ## - Nº DA CLASSIFICAÇÃO DECIMAL UNIVERSAL
Nº edição CDU 2007
Nº Class. CDU 340.12
090 ## - NÚMERO DE CHAMADA
Nº classificação 340.12
Cutter F899c
Ano/Edição 4. ed.
100 1# - ENTRADA PRINCIPAL -- AUTOR PESSOAL
Nome pessoal Friede, Reis
245 10 - TÍTULO PRINCIPAL
Título principal Ciência do direito, norma, interpretação e hermenêutica jurídica /
Indicação de responsabilidade Reis Friede.
250 ## - EDIÇÃO
Edição 4. ed., rev., atual. e ampl.
260 ## - PUBLICAÇÃO, DISTRIBUIÇÃO, ETC.
Local de publicação Rio de Janeiro :
Editora Forense ;
Data 2001.
300 ## - DESCRIÇÃO FÍSICA
N. páginas ou volumes xiv, 208 p. :
Ilustrações il. ;
Dimensões 21 cm
490 ## - INDICAÇÃO DE SÉRIE
Título da série Biblioteca jurídica
504 ## - NOTA DE BIBLIOGRAFIA, ETC.
Nota de bibliografia Inclui bibliografia e índice.
650 ## - ASSUNTO TÓPICO
Cabeçalho tópico ou nome geográfico Direito
Subdivisão geral Filosofia
650 ## - ASSUNTO TÓPICO
Cabeçalho tópico ou nome geográfico Teoria do direito
650 ## - ASSUNTO TÓPICO
Cabeçalho tópico ou nome geográfico Norma jurídica
830 ## - ENTRADA SECUNDÁRIA DE SÉRIE -- TÍTULO UNIFORME
Título uniforme Biblioteca jurídica
942 ## - ELEMENTOS DE ENTRADA ADICIONAIS (KOHA)
Fonte de classificação ou esquema de arquivamento Classificação Decimal Universal
Tipo de item do Koha Livros
Holdings
Estado: removido Estado: perdido Fonte de classificação ou esquema de arquivamento Estado: danificado Indisponível para empréstimo Localização permanente Localização atual Data de aquisição Total Checkouts Número de Chamada completo Código de barras Date last seen Número do exemplar Preço efetivo a partir de Tipo de item (Koha)
    Classificação Decimal Universal     Biblioteca da Escola Superior de Contas do TCE/MT Biblioteca da Escola Superior de Contas do TCE/MT 04/12/2023   340.12 F899c 4. ed. BIBTCEMT23120150 04/12/2023 Ex. 1 04/12/2023 Livros

Powered by Koha